Memoria leída en el acto de la apertura / (Record no. 153704)

MARC details
000 -LEADER
campo de control de longitud fija 00667nam a22001695i 4500
001 - NÚMERO DE CONTROL
campo de control 153704
003 - IDENTIFICADOR DE NÚMERO DE CONTROL
campo de control ES-MaACL
005 - FECHA Y HORA DE LA ÚLTIMA TRANSACCIÓN
campo de control 20230906205341.0
008 - DATOS DE LONGITUD FIJA--INFORMACIÓN GENERAL
campo de control de longitud fija 011123s1894 sp |||| | spa d
040 ## - FUENTE DE CATALOGACIÓN
Centro catalogador/agencia de origen EXT
Lengua de catalogación spa
Centro/agencia transcriptor EXT
110 2# - ENTRADA PRINCIPAL--NOMBRE DE ENTIDAD CORPORATIVA
Nombre de entidad corporativa o nombre de jurisdicción como elemento de entrada Escuela Municipal de Artes y Oficios de Badajoz.
9 (RLIN) 134359
245 10 - MENCIÓN DEL TÍTULO
Título Memoria leída en el acto de la apertura /
Mención de responsabilidad, etc. por ... Ignacio Santos Redondo.
260 ## - PUBLICACIÓN, DISTRIBUCIÓN, ETC.
Lugar de publicación, distribución, etc. Badajoz :
Nombre del editor, distribuidor, etc. [s.n.],
Fecha de publicación, distribución, etc. 1894 (
Fabricante Tip., lit. y enc. La Industria, de uceda Hermanos)
300 ## - DESCRIPCIÓN FÍSICA
Extensión 41 p. ;
Dimensiones 20 cm.
700 21 - ENTRADA AGREGADA--NOMBRE PERSONAL
Nombre de persona Santos Redondo, Ignacio.
9 (RLIN) 132452
852 ## - LOCALIZACIÓN
Ubicación ES-MaACL
Número de control de estantería T-870-F-1
Nota libre -- Enc. hol., conservando la cub. original
-- -- Enc. en un vol. facticio
Holdings
Estatus retirado Estado de pérdida Estado de daño No para préstamo Colección Biblioteca de origen Biblioteca actual Ubicación en estantería Fecha de adquisición Total de préstamos Signatura topográfica completa Código de barras Visto por última vez Precio de reemplazo Tipo de ítem Koha
        Colección de folletos Biblioteca del Ateneo de Madrid Biblioteca del Ateneo de Madrid Depósito folletos 17/01/2008   T-870-F-1 1160688 23/02/2023 23/02/2023 Folleto